000 00691cam a2200181 i 4500
005 20251230082608.0
008 250721s2011 ua gr 000 0 ara d
082 1 4 _a218.811
_bب ن ا
100 1 _aالبنا، حسن
_eمؤلف.
245 1 0 _aقضيتنا ودعوتنا :
_bالمرشد العام الأول للإخوان المسلمين /
_cالامام حسن البنا.
250 _aالطبعة الاولى.
264 3 1 _aالقاهرة :
_bالدار العالمية للكتب والنشر،
_c2011.
300 _a189صفحة.
650 1 7 _aالاخوان المسلمون.
650 1 7 _aالحركات الاسلامية.
942 _2ddc
_cBK
999 _c6946
_d6946